00552nam a22001817a 450000500170000001000150001702000260003203500140005803700090007208200110008110000210009224500400011325000060015326000420015927000760020130000350027750000580031220240612165037.0 aENG-140588 a9789355329240c825.00 aEN-124120 bDBAD a33025 aSinghania, Nitin aIndian Economy/cBy Nitin Singhania a5 aChennaibMc Graw Hill Educationc2024 aAnjana Complex NO. 5/90 A, Butt Road, St. Thomas MountbChennaie600116 axxviii,764p.c24cm(pbk)bindex aFor Civil Services and Other Competitive Examinations